Agri infrastructure (Record no. 523930)

000 -LEADER
fixed length control field 01042nam a22001457a 4500
008 - FIXED-LENGTH DATA ELEMENTS--GENERAL INFORMATION
fixed length control field 231016b ||||| |||| 00| 0 eng d
100 ## - MAIN ENTRY--PERSONAL NAME
Personal name Kaviarasan, K. and Sarkar, Saikat
245 ## - TITLE STATEMENT
Title Agri infrastructure
260 ## - PUBLICATION, DISTRIBUTION, ETC. (IMPRINT)
Place of publication, distribution, etc Yojana
300 ## - PHYSICAL DESCRIPTION
Extent 67(10), Oct, 2023: p.49-54
520 ## - SUMMARY, ETC.
Summary, etc Attaining self-sufficiency in foodgrain production has been one of the greatest achievements of Indian agriculture since Independence. India has graduated from a food-deficit, foodgrain-importing country n 1950s and 1960s to a surplus-generating and leading exporting country, particularly in case of rice and what. This transformation was possible through ‘green revolution’, with the adoption of high-yielding varieties and other inputs and favorable government polices, such as minimum support prices and procumbent. Today India is one of the largest producers of many agricultural commodities in the world, such as cereals fruits, vegetables, spices, sugarcane and cotton.
773 ## - HOST ITEM ENTRY
Main entry heading Yojana
906 ## - LOCAL DATA ELEMENT F, LDF (RLIN)
Subject DIP AGRICULTURE
942 ## - ADDED ENTRY ELEMENTS (KOHA)
Item type Articles
Holdings
Withdrawn status Lost status Source of classification or shelving scheme Damaged status Not for loan Permanent location Current location Date acquired Serial Enumeration / chronology Barcode Date last seen Koha item type
          Indian Institute of Public Administration Indian Institute of Public Administration 2023-10-16 67(10), Oct, 2023: p.49-54 AR129815 2023-10-16 Articles

Powered by Koha